Simple sermons on the seven churches of Revelation. (Record no. 6219)

000 -LEADER
fixed length control field 00774nam a2200217 a 4500
001 - CONTROL NUMBER
control field :::00003962$&:&@@
003 - CONTROL NUMBER IDENTIFIER
control field OkBaRHE
005 - DATE AND TIME OF LATEST TRANSACTION
control field 20000607103315.0
008 - FIXED-LENGTH DATA ELEMENTS--GENERAL INFORMATION
fixed length control field s1959 j 000 0 eng u
040 ## - CATALOGING SOURCE
Transcribing agency
100 1# - MAIN ENTRY--PERSONAL NAME
Personal name Ford, W. Herschel, 1900-
245 10 - TITLE STATEMENT
Title Simple sermons on the seven churches of Revelation.
260 ## - PUBLICATION, DISTRIBUTION, ETC. (IMPRINT)
Place of publication, distribution, etc Grand Rapids, MI., :
Name of publisher, distributor, etc Zondervan Publishing House
Date of publication, distribution, etc c1959
300 ## - PHYSICAL DESCRIPTION
Extent 105 p. ;
Dimensions 20 cm.
650 ## - SUBJECT ADDED ENTRY--TOPICAL TERM
Topical term or geographic name as entry element Baptists
General subdivision Sermons
650 ## - SUBJECT ADDED ENTRY--TOPICAL TERM
Topical term or geographic name as entry element Bible New Testament Revelation
General subdivision Sermons
650 ## - SUBJECT ADDED ENTRY--TOPICAL TERM
Topical term or geographic name as entry element Sermons, American
942 ## - ADDED ENTRY ELEMENTS (KOHA)
Source of classification or shelving scheme
Koha item type Books
Copies
Source of classification or shelving scheme Permanent Location Withdrawn status Copy number Barcode Damaged status Full call number Date last seen Lost status Not for loan Price effective from Shelving location Date acquired Koha item type
 RHEMA Bible Training College 13962 BS 2825.4 .F62018-04-03  2010-04-14General Stacks2010-04-14Books
 RHEMA Bible Training College 215847 BS 2825.4 .F62018-04-03  2010-04-14General Stacks2010-04-14Books